000
00227 a2200097 4500
001
7057
100
_a
P.I.P
245
_a
Labour management Cooperation in Pak
260
_a
_b
Pak institute of personnel
_c
090
_c
5827
_d
5827
942
_a
NUST-CAE
_c
M
_c
32297
999
_c
242130
_d
242130